AH International Schools' Libraries

Amazing Grace : (Record no. 49632)

MARC details
000 -LEADER
fixed length control field 00356nam a2200109 4500
020 ## - INTERNATIONAL STANDARD BOOK NUMBER
International Standard Book Number 9780061173004
100 ## - MAIN ENTRY--PERSONAL NAME
Personal name Metaxas, Eric.
9 (RLIN) 30870
245 ## - TITLE STATEMENT
Title Amazing Grace :
Remainder of title William Wilberforce and the heroic campaign to end slavery /
Statement of responsibility, etc Eric Metaxas.
260 ## - PUBLICATION, DISTRIBUTION, ETC. (IMPRINT)
Place of publication, distribution, etc New York:
Name of publisher, distributor, etc HarperSanFrancisco;
Date of publication, distribution, etc 2007.
300 ## - PHYSICAL DESCRIPTION
Extent 281 p.
Other physical details ill.
Dimensions 24 cm.
942 ## - ADDED ENTRY ELEMENTS (KOHA)
Source of classification or shelving scheme
Koha item type NON FIC SECTION
Holdings
Withdrawn status Lost status Source of classification or shelving scheme Damaged status Not for loan Collection code Home library Current library Shelving location Date acquired Total Checkouts Full call number Barcode Date last seen Date checked out Price effective from Koha item type
          Non-Fiction Asian Hope Secondary Library Asian Hope Secondary Library SECONDARY 10/08/2025 1 B 326.8092 MET 208295 01/16/2026 01/09/2026 10/08/2025 NON FIC SECTION

For any Logos Library related questions please contact Miss Art at swongnarasuk@asianhope.org.

For any Asian Hope Library related questions please contact Miss Raza at graza@asianhope.org.

Click here to explore our ebooks!

Powered by Koha